Statistiques concernant Maillots des clubs de Top 14.

Cliquez ici pour prendre le quiz!

Statistiques générales

  • Ce quiz a été pris 725 fois
  • Le résultat moyen est 12 sur 14

Statistiques - réponses

MaillotClub% Correct

Union-Bordeaux-Bègles
99%

Racing 92
97%

Stade rochelais
97%

Stade toulousain
89%

Stade français Paris
88%

ASM Clermont
87%

Castres olympique
87%

Section paloise
85%

Biarritz olympique
82%

Montpellier HR
81%

Lyon OU
80%

RC Toulon
80%

CA Brive
78%

USA Perpignan
63%

Distribution des résultats

Percentile par nombre de réponses

% des personnes avec chaque résultat

Votre développement - résultats

Vous n’avez pas pris ce quiz